000 01439cam a2200397 i 4500
001 data
005 20260322212111.0
008 data
035 _a19978855
906 _a7
_bcbc
_corigres
_d3
_encip
_f20
_gy-gencatlg
925 0 _aacquire
_b1 shelf copy
_xpolicy default
010 _a 2017429453
020 _a9788365416063
020 _a8365416069
040 _aDLC
_beng
_cDLC
_erda
042 _apcc
050 0 0 _aHG173
_b.W486 2015
100 1 _aWiliński, Witold P.,
_eauthor.
245 1 0 _aFinance /
_cWitold P. Wiliński.
250 _aFirst edition.
264 1 _aWarszawa :
_bWarsaw School of Economics,
_c2015.
300 _a75 pages :
_billustrations ;
_c24 cm
336 _atext
_btxt
_2rdacontent
337 _aunmediated
_bn
_2rdamedia
338 _avolume
_bnc
_2rdacarrier
500 _aPublication prepared within the project Młodzi projektują zarządzanie, Human-best investment.
504 _aIncludes bibliographical references (pages 73-74).
536 _aThe publication co-financed by the European Union from the European Social Fund.
650 0 _aFinance.
650 0 _aCorporations
_xFinance.
650 0 _aBusiness enterprises
_xFinance.
650 0 _aFinance, Public.
710 2 _aEuropean Union,
_esponsoring body.
710 2 _aSzkoła Główna Handlowa w Warszawie,
_eissuing body.
999 _c1668
_d1668